000
00282cam a22001097a 4500
008
180718b1879 xxu||||| |||| 00| 0 eng d
082
_a
A42x5442 Rep6
245
_a
The Bombay irrigation act, 1879
260
_a
_b
_c
1879
300
_a
v.p.
440
_a
Gujarat Replacement Series No. 6
999
_c
487843
_d
487843